| 000 | 00741nam a2200253Ia 4500 | ||
|---|---|---|---|
| 003 | OSt | ||
| 005 | 20220926011131.0 | ||
| 006 | a|||||r|||| 00| 0 | ||
| 007 | ta | ||
| 008 | 220923b |||||||| |||| 00| 0 eng d | ||
| 037 | _cGeneral Book | ||
| 040 |
_aRTL _cRTL _beng |
||
| 041 |
_2eng _aeng |
||
| 082 | _aX625:8.73.N6, K2;L3 | ||
| 100 |
_aCrosse Howard D _9313614 |
||
| 245 | 0 | _aManagemtn policies for commerical banks | |
| 250 | _aEd 2nd | ||
| 260 |
_aNew Jersey _bPrentice-Hall _c1973 |
||
| 300 |
_axi,322p _ccm. |
||
| 650 |
_aCommercial Bank _9230945 |
||
| 700 |
_a Hempel George H _9313157 |
||
| 942 |
_hX625:8.73.N6, K2;L3 _cGB _2CC |
||
| 999 |
_c619192 _d619192 |
||